|
|
|
|
| LEADER |
00000nam a2200000 a 4500 |
| 001 |
vtls001075294 |
| 003 |
SK-MaSNL |
| 005 |
20260301193548.0 |
| 008 |
250414s1993 xo 0 cze |
| 015 |
|
|
|a SNBA1994/06
|
| 020 |
|
|
|a 809670690X
|
| 035 |
|
|
|a SNK000018126
|
| 040 |
|
|
|a SNK
|b slo
|c SNK
|e AACR2
|
| 041 |
0 |
|
|a cze
|
| 044 |
|
|
|a xo
|c SK
|
| 080 |
|
|
|a 615.8(035)
|2 1981
|
| 100 |
1 |
|
|a Rumler, Aleš
|4 aut
|9 573156
|
| 245 |
1 |
0 |
|a Za tajemstvím senzibilů
|c Aleš Rumler ; Graf. úpr. Eduard Piovarči ; Obál. Ján Ničík
|
| 250 |
|
|
|a 1. vyd.
|
| 260 |
|
|
|a Žilina
|b Kníhkupectvo ÓM
|c 1993
|e Žilina
|f ROSA
|
| 300 |
|
|
|a 78 s.
|b Sch., lit. 34 zázn. v češ.
|c 20 cm
|
| 700 |
1 |
|
|a Piovarči, Eduard
|4 bkd
|9 277445
|
| 700 |
1 |
|
|a Ničík, Ján
|4 nob
|9 45997
|
| 852 |
|
|
|a Slovenská národná knižnica
|
| 919 |
|
|
|a 80-967069-0-X
|
| 954 |
|
|
|a liečiteľstvo
|a bioterapia
|
| 958 |
|
|
|a APR
|
| 958 |
|
|
|a TL
|
| 958 |
|
|
|a NB
|
| 958 |
|
|
|a CZ
|
| 999 |
|
|
|c 877950
|d 879880
|
| 952 |
|
|
|t P60, <04>, [BOOK], {604}
|a SNK
|b SNK
|y VYP
|7 0
|p 17A0067401
|o snkSC 85897 D1
|0 0
|1 0
|4 0
|d 1997-05-16
|l 0
|r 2004-12-31 00:00:00
|w 2026-02-24
|